Entrepreneurship, economic organisation and the automobile industry : a study of the Asian model and Malaysian experience /
Saved in:
| 主要作者: | |
|---|---|
| 格式: | Thesis 图书 |
| 语言: | English |
| 出版: |
2004.
|
| 主题: | |
| 在线阅读: | http://studentsrepo.um.edu.my/id/eprint/297 |
| 标签: |
添加标签
没有标签, 成为第一个标记此记录!
|
| LEADER | 00987cam a2200241 a 4500 | ||
|---|---|---|---|
| 001 | u700754 | ||
| 003 | SIRSI | ||
| 008 | 050106s2004 my a t 00 0 eng m | ||
| 040 | |a UMM. | ||
| 043 | |a a-my--- | ||
| 090 | |a H62 |b UMP 2004 Mohrm. | ||
| 100 | 0 | 0 | |a Mohd Rosli Mohamad. |
| 245 | 1 | 0 | |a Entrepreneurship, economic organisation and the automobile industry : |b a study of the Asian model and Malaysian experience / |c Mohd Rosli Mohamad. |
| 260 | |c 2004. | ||
| 300 | |a xxvi, 491 leaves : |b ill. ; |c 30 cm. | ||
| 502 | |a Thesis (Ph.D.) -- Institut Pengajian Siswazah, Universiti Malaya, 2004. | ||
| 504 | |a Includes bibliographical references. | ||
| 650 | 0 | |a Entrepreneurship |z Malaysia | |
| 650 | 0 | |a Automobile industry and trade |z Malaysia | |
| 710 | 2 | 0 | |a Universiti Malaya. |b Institut Pengajian Siswazah |
| 856 | 4 | 1 | |u http://studentsrepo.um.edu.my/id/eprint/297 |
| 596 | |a 1 | ||
| 999 | |a H62 UMP 2004 MOHRM |w LC |c 1 |i A511760446 |d 14/4/2019 |e 11/4/2019 |f 8/9/2005 |g 1 |l STACKS |m P01UTAMA |n 12 |r Y |s Y |t TESIS |u 14/6/2005 | ||
